000 00357nam a2200109Ia 4500
008 220204s9999 xx 000 0 und d
082 _a339.58(058)
_bDIR
245 0 _aDirectory of trade and investmentrelated organizations of developing countries and areas in Asia and the Pacific
250 _aEd.9
260 _aNew York
_bUnited Nations
_c1999
942 _cBK
999 _c44002
_d44002